000 01137cam a22003011 4500
001 rc 01002022
003 DLC
005 20260227111905.0
007 cr_|||||||||||
008 881012s1884 ctu 000 0 eng
010 _arc 01002022
035 _a(OCoLC)18753211
040 _aDLC
_cNN
_dIC
_dDLC
043 _an-us-il
050 0 0 _aF546
_b.B87
051 _aYA [20538]
_cCopy no. undetermined.
100 1 _aBross, William,
_d1813-1890.
245 1 0 _aIllinois and the thirteenth amendment to the constitution of the United States.
_bA paper read before the Chicago historical society, Jan. 15, 1884,
_cby William Bross.
260 _aChicago,
_bJansen, McClurg & co.,
_c1884.
300 _a8 p.
_c23 cm.
530 _aAlso available in digital form on the Internet Archive Web site.
610 1 0 _aUnited States.
_tConstitution.
_n15th Amendment.
651 0 _aIllinois
_xPolitics and government
_y1861-1865.
610 1 0 _aIllinois.
_bGeneral Assembly.
710 2 _aChicago Historical Society.
710 2 _aYA Pamphlet Collection (Library of Congress)
_5DLC
856 4 1 _uhttp://hdl.loc.gov/loc.gdc/scd0001.00147520773
999 _c52227
_d52227